[Event "Warren Bottom-Half U1700 op"]
[Site "Warren"]
[Date "2003.06.21"]
[Round "2"]
[White "Wood, Jack Patrick"]
[Black "Johnson, Johnny R"]
[Result "1-0"]
[WhiteElo "1634"]
[BlackElo "1523"]
[PlyCount "71"]
[EventDate "2003.06.21"]
[EventType "swiss"]
[EventRounds "5"]
[EventCountry "USA"]
[SourceTitle "EXT 2008"]
[Source "ChessBase"]
[SourceDate "2007.11.25"]
[SourceVersion "1"]
[SourceVersionDate "2007.11.25"]
[SourceQuality "1"]

1. e4 c5 2. Nf3 Nc6 3. d3 e6 4. Be2 g6 5. c3 Bg7 6. Nbd2 d5 7. 0-0 Nge7 8. Qc2 b5 9. d4 c4 10. b3 0-0 11. h4 f5 12. e5 Bh6 13. Nh2 Bd7 14. h5 g5 15. Ndf3 f4 16. Ng4 Nf5 17. a4 cxb3 18. Qxb3 Na5 19. Qb4 bxa4 20. Bd3 Rb8 21. Qc5 Nb3 22. Qxa7 Nxa1 23. Ba3 Bg7 24. Rxa1 Rf7 25. Nxg5 Rb3 26. Nxf7 Kxf7 27. Bc2 Rxc3 28. Bxa4 Rc7 29. Qa6 Nxd4 30. Bd6 Rc4 31. Qa7 Nc6 32. Bxc6 Rxc6 33. Rb1 Qc8 34. Rb7 Rxd6 35. exd6 Bd4 36. Rxd7+ 1-0

[Event "Warren action op"]
[Site "Warren"]
[Date "2001.12.08"]
[Round "2"]
[White "Johnson, Johnny R"]
[Black "Gross, Benjamin"]
[Result "1/2-1/2"]
[WhiteElo "1476"]
[BlackElo "1427"]
[PlyCount "69"]
[EventDate "2001.12.08"]
[EventType "swiss (rapid)"]
[EventRounds "6"]
[EventCountry "USA"]
[SourceTitle "EXT 2007"]
[Source "ChessBase"]
[SourceDate "2006.11.23"]
[SourceVersion "1"]
[SourceVersionDate "2006.11.23"]
[SourceQuality "1"]

1. d4 Nf6 2. Nf3 e6 3. b3 c5 4. Bb2 d5 5. e3 Nc6 6. Be2 Bd6 7. 0-0 0-0 8. Nbd2 Re8 9. Bb5 Qc7 10. dxc5 Be7 11. b4 a6 12. Bxc6 bxc6 13. Be5 Qb7 14. a3 a5 15. c3 Ng4 16. Bg3 Bf6 17. Nd4 e5 18. Ne2 axb4 19. cxb4 e4 20. Nd4 Ne5 21. Bxe5 Bxe5 22. f4 exf3 23. Qxf3 Be6 24. Ra2 Qc7 25. g3 Ra4 26. Kh1 Rea8 27. Nxe6 fxe6 28. Qg4 Qe7 29. Nf3 Bf6 30. Nd4 Bxd4 31. exd4 Rxa3 32. Re2 Ra1 33. Rfe1 Rxe1+ 34. Rxe1 Re8 35. Qf4 1/2-1/2

[Event "Warren action op"]
[Site "Warren"]
[Date "2001.12.08"]
[Round "6"]
[White "Johnson, Johnny R"]
[Black "Vlacic, Sretko"]
[Result "0-1"]
[WhiteElo "1476"]
[BlackElo "1611"]
[PlyCount "75"]
[EventDate "2001.12.08"]
[EventType "swiss (rapid)"]
[EventRounds "6"]
[EventCountry "USA"]
[SourceTitle "EXT 2007"]
[Source "ChessBase"]
[SourceDate "2006.11.23"]
[SourceVersion "1"]
[SourceVersionDate "2006.11.23"]
[SourceQuality "1"]

1. d4 e6 2. e4 d5 3. exd5 exd5 4. Be3 Bd6 5. Bd3 Nc6 6. c3 Nf6 7. Ne2 Qe7 8. h3 Ne4 9. Bxe4 dxe4 10. 0-0 0-0 11. c4 Qh4 12. c5 Be7 13. f4 f5 14. Nbc3 Be6 15. Qa4 Bf7 16. d5 Nb8 17. Rad1 Bh5 18. Bf2 Qf6 19. Qd4 Qa6 20. g4 fxg4 21. Qxe4 g3 22. Bxg3 Bxc5+ 23. Bf2 Nd7 24. Qe6+ Qxe6 25. dxe6 Bxf2+ 26. Rxf2 Nc5 27. Rd5 Bxe2 28. Rxe2 b6 29. Nd1 Rxf4 30. e7 Kf7 31. a3 Re8 32. b4 Ne4 33. Rd7 c5 34. Rxa7 c4 35. b5 c3 36. Rc7 g5 37. Nxc3 Nc5 38. Rf2 0-1